Prince Of Ayodhya Book one of the Ramayan (Record no. 50397)

000 -LEADER
fixed length control field 00398nam a2200145Ia 4500
008 - FIXED-LENGTH DATA ELEMENTS--GENERAL INFORMATION
fixed length control field 251230s9999 xx 000 0 und d
020 ## - INTERNATIONAL STANDARD BOOK NUMBER
International Standard Book Number 0143033336
082 ## - DEWEY DECIMAL CLASSIFICATION NUMBER
Classification number 820
Item number BAN/P
100 ## - MAIN ENTRY--PERSONAL NAME
Personal name Banker, Ashok K.
245 #0 - TITLE STATEMENT
Title Prince Of Ayodhya Book one of the Ramayan
250 ## - EDITION STATEMENT
Edition statement 1st Edition
260 ## - PUBLICATION, DISTRIBUTION, ETC.
Place of publication, distribution, etc. New Delhi
Name of publisher, distributor, etc. Penguin Books
Date of publication, distribution, etc. 2005
300 ## - PHYSICAL DESCRIPTION
Extent 225p.
942 ## - ADDED ENTRY ELEMENTS (KOHA)
-- Muit Old Books
Koha item type
Holdings
Withdrawn status Lost status Damaged status Not for loan Collection code Permanent Location Current Location Date acquired Cost, normal purchase price Total Checkouts Full call number Barcode Date last seen Date last checked out Price effective from Koha item type
        School of Journalism (Noida) MUIT-NOIDA MUIT-NOIDA 2025-12-30 280.00 1 820 BAN/P SOJ00222 2026-02-09 2026-02-02 2025-12-30  

All Rights Reserved@MUIT

Powered by Koha